| 000 | 00713nam a22002777a 4500 | ||
|---|---|---|---|
| 005 | 20180822185912.0 | ||
| 008 | 180822b xxu||||| |||| 00| 0 spa d | ||
| 020 | _a9789968462617 | ||
| 041 | _aspa | ||
| 082 | _a1.1.8 C186b | ||
| 100 |
_aCampabadal, Isabel _96819 |
||
| 245 | _aBocadillos: de aquí de allá de Costa Rica | ||
| 260 | _aCosta Rica | ||
| 260 | _bEUCR | ||
| 260 | _c2011 | ||
| 300 | _a162 páginas | ||
| 650 |
_aCOSTA RICA _949402 |
||
| 650 |
_aBOCADILLOS _915417 |
||
| 650 |
_aCOCINA COSTARRICENSE _93115 |
||
| 650 |
_aPASBOCADOS _949403 |
||
| 650 |
_aGASTRONOMÍA _97803 |
||
| 650 |
_aGALLETAS _923477 |
||
| 650 |
_aPANES _949404 |
||
| 650 |
_aCAMARONES _949405 |
||
| 942 | _cBK | ||
| 999 |
_c11044 _d11044 |
||